Analyzing public policy / (Record no. 17698)
[ view plain ]
| 000 -LEADER | |
|---|---|
| fixed length control field | 01221aam a2200313 a 4500 |
| 001 - CONTROL NUMBER | |
| control field | 015442492 |
| 003 - CONTROL NUMBER IDENTIFIER | |
| control field | Uk |
| 005 - DATE AND TIME OF LATEST TRANSACTION | |
| control field | 20131028183801.0 |
| 008 - FIXED-LENGTH DATA ELEMENTS--GENERAL INFORMATION | |
| fixed length control field | 110722s2012 enk rb 001 0 eng |
| 010 ## - LIBRARY OF CONGRESS CONTROL NUMBER | |
| LC control number | 2011029796 |
| 015 ## - NATIONAL BIBLIOGRAPHY NUMBER | |
| National bibliography number | GBA9C2667 |
| Source | bnb |
| 020 ## - INTERNATIONAL STANDARD BOOK NUMBER | |
| International Standard Book Number | 0415476275 (pbk.) |
| 020 ## - INTERNATIONAL STANDARD BOOK NUMBER | |
| International Standard Book Number | 9780415476270 (pbk.) |
| 082 00 - DEWEY DECIMAL CLASSIFICATION NUMBER | |
| Classification number | 320.6 |
| Edition number | 22 |
| Item number | JOH |
| 100 1# - MAIN ENTRY--PERSONAL NAME | |
| Personal name | John, Peter, |
| Dates associated with a name | 1960- |
| 9 (RLIN) | 34265 |
| 240 10 - UNIFORM TITLE | |
| Uniform title | <a href="Analysing public policy">Analysing public policy</a> |
| 245 10 - TITLE STATEMENT | |
| Title | Analyzing public policy / |
| Statement of responsibility, etc | Peter John. |
| 250 ## - EDITION STATEMENT | |
| Edition statement | 2nd ed. |
| 260 ## - PUBLICATION, DISTRIBUTION, ETC. (IMPRINT) | |
| Place of publication, distribution, etc | Abingdon, Oxon ; |
| -- | New York : |
| Name of publisher, distributor, etc | Routledge, |
| Date of publication, distribution, etc | 2012. |
| 300 ## - PHYSICAL DESCRIPTION | |
| Extent | vii, 213 p. ; |
| Dimensions | 25 cm. |
| 490 1# - Series Statement | |
| Series statement | Routledge textbooks in policy studies |
| 500 ## - GENERAL NOTE | |
| General note | Previous ed. published as: Analysing public policy. London ; New York : Pinter, 1998, in series: Critical political studies (Pinter (Firm)) |
| 504 ## - BIBLIOGRAPHY, ETC. NOTE | |
| Bibliography, etc | Includes bibliographical references (p. 188-207) and index. |
| 505 0# - FORMATTED CONTENTS NOTE | |
| Formatted contents note | The study of public policy -- Stages -- Institutions -- Groups and networks -- Exogenous determinants -- Rational actors -- Ideas -- A synthesis -- Conclusion. |
| 650 #0 - SUBJECT ADDED ENTRY--TOPICAL TERM | |
| Topical term or geographic name as entry element | Policy sciences. |
| 9 (RLIN) | 13225 |
| 653 ## - INDEX TERM--UNCONTROLLED | |
| Resource For college | |
| Arrived date list | October2013 |
| 830 #0 - SERIES ADDED ENTRY--UNIFORM TITLE | |
| Uniform title | Routledge textbooks in policy studies. |
| 9 (RLIN) | 34266 |
| 942 ## - ADDED ENTRY ELEMENTS (KOHA) | |
| Source of classification or shelving scheme | Dewey Decimal Classification |
| Item type | Book - Borrowing |
| Withdrawn status | Item status | Source of classification or shelving scheme | Damaged status | Not for loan | Vendor | Home library | Current library | Shelving location | Date acquired | Source of acquisition | Total Checkouts | Total Renewals | Full call number | Barcode | Date last seen | Date last borrowed | Koha item type |
|---|---|---|---|---|---|---|---|---|---|---|---|---|---|---|---|---|---|
| Dewey Decimal Classification | Baccah | Central Library | Central Library | First floor | 28/10/2013 | 2 | 13 | 320.6 JOH | 000029557 | 15/07/2025 | 16/12/2015 | Book - Borrowing | |||||
| Dewey Decimal Classification | Baccah | Central Library | Central Library | First floor | 28/10/2013 | 5 | 14 | 320.6 JOH | 000029559 | 02/04/2026 | 13/11/2025 | Book - Borrowing |